Nuevos escenarios detrás de las noticias (Registro nro. 301891)

Detalles MARC
000 -ENCABEZADO
Número de control [NR] 01170cam a2200301Ka 4500
005 - FECHA Y HORA DE LA ÚLTIMA TRANSACCIÓN
control field 20180208075701.0
008 - DE LONGITUD FIJA DE DATOS DE ELEMENTOS - INFORMACIÓN GENERAL
Elementos de longitud fija [NR] 151110s2010 ag fr 001 0 spa d
020 ## - NUMERO INTERNACIONAL NORMALIZADO PARA LIBROS [R]
Número Internacional Normalizado del libro [NR] 9789876011211
020 ## - NUMERO INTERNACIONAL NORMALIZADO PARA LIBROS [R]
Número Internacional Normalizado del libro [NR] 9876011219
035 ## - NUMERO DE CONTROL DEL SISTEMA [R]
Número de control del sistema [NR] (OCoLC)767536329
040 ## - FUENTE DE CATALOGACION [NR]
Agencia de catalogación original [NR] Co-BoUCM
Idioma de catalogación [NR] spa
Quien Cataloga Saul Niño
Quien Clasifica Saul Niño
041 0# - CODIGO DE IDIOMA [R]
Código de idioma para texto/pista de sonido o título separado [R] Español
245 00 - MENCION DE TITULO [NR]
Título [NR] Nuevos escenarios detrás de las noticias
Parte restante del título [NR] agendas, tecnologías y consumos
Mención de responsabilidad, etc. [NR] Lila Luchessi (Compilador)
260 ## - PUBLICACION, DISTRIBUCION, ETC. (PIE DE IMPRENTA) [R]
Lugar de publicación, distribución, etc. [R] Buenos Aires (Argentina)
Nombre del editor, distribuidor, etc. [R] La Crujía
-- Instituto de Estudios de América Latina y el Caribe
Fecha de publicación, distribución, etc. [R] 2010
300 ## - DESCRIPCION FISICA [R]
Extensión [R] 167 páginas
490 0# - MENCION DE SERIE [R]
Mención de serie [R] Inclusiones
504 ## - NOTA DE BIBLIOGRAFIA, ETC. [R]
Nota de bibliografía, etc. [NR] Incluye referencias bibliográficas e índices
650 #7 - ASIENTO SECUNDARIO DE MATERIA - TERMINO TEMATICO [R]
Término temático o nombre geográfico como elemento de entrada [NR] Periodismo
Subdivisión general [R] Innovaciones tecnológicas
9 (RLIN) 29493
650 #7 - ASIENTO SECUNDARIO DE MATERIA - TERMINO TEMATICO [R]
Término temático o nombre geográfico como elemento de entrada [NR] Periodismo en internet
9 (RLIN) 21349
650 #7 - ASIENTO SECUNDARIO DE MATERIA - TERMINO TEMATICO [R]
Término temático o nombre geográfico como elemento de entrada [NR] Periodismo digital
9 (RLIN) 21347
650 #7 - ASIENTO SECUNDARIO DE MATERIA - TERMINO TEMATICO [R]
Término temático o nombre geográfico como elemento de entrada [NR] Periódicos
Subdivisión general [R] Innovaciones tecnológicas.
9 (RLIN) 73411
650 #7 - ASIENTO SECUNDARIO DE MATERIA - TERMINO TEMATICO [R]
Término temático o nombre geográfico como elemento de entrada [NR] Revistas electrónicas
9 (RLIN) 23761
650 #7 - ASIENTO SECUNDARIO DE MATERIA - TERMINO TEMATICO [R]
Término temático o nombre geográfico como elemento de entrada [NR] Revistas
Subdivisión general [R] Innovaciones tecnológicas
9 (RLIN) 23758
690 ## - ASUNTO AGREGADO LOCAL DE ENTRADA - TÉRMINO TEMÁTICO (OCLC, RLIN)
Acceso temático local Periodismo
9 (RLIN) 21340
700 1# - ASIENTO SECUNDARIO - NOMBRE PERSONAL [R]
Nombre personal [NR] Luchessi, Lila
Término de relación [R] compilador
9 (RLIN) 74513
942 ## - ELEMENTOS DE ENTRADA AGREGADOS (KOHA)
Sistema de clasificación DEWEY
Tema principal Comunicación
Tipo de ítem principal el descrito en 300a Libro de reserva
Edición 1
Clasificación 070.43
Parte restante de la signatura top. N964nu
Existencias
Signatura topográfica Código de barras Última vez visto Ejemplar Costo de reposición Price effective from Tipo de ítem Perdido Sistema de clasificación Dañado No prestable Tipo de ítem específico Suprimido Ubicación habitual Ubicación actual Localización Fecha de creación Proveedor Forma de adquisición Costo Fecha de último préstamo Total préstamos Total Renewals
070.43 N964nu 100148101 05/12/2025 Ej.1 245364.00 26/10/2015 Libro   DEWEY     Libro   Claustro Claustro 2do piso 26/10/2015 37 Compra 245364.00      
070.43 N964nu 100148138 05/12/2025 Ej.2 245364.00 26/10/2015 Libro   DEWEY     Libro   Claustro Claustro 2do piso 26/10/2015 37 Compra 245364.00 23/10/2019 8 7